|
|
|
|
| LEADER |
01239nam a2200349 a 4500 |
| 001 |
000754138 |
| 003 |
CZ BrMZK |
| 005 |
20130321070141.0 |
| 007 |
ta |
| 008 |
041207s1968 xr a erf 000 0dczeoc |
| 015 |
|
|
|a cnb000169802
|
| 035 |
|
|
|a (OCoLC)42108027
|
| 040 |
|
|
|a ABA001
|b cze
|c PNA001
|d ABA001
|d BOA001
|
| 072 |
|
7 |
|a 798
|x Jezdectví. Sporty se zvířaty
|2 Konspekt
|9 20
|
| 080 |
|
|
|a 798.4
|2 MRF
|
| 080 |
|
|
|a (0.062)
|2 MRF
|
| 100 |
1 |
|
|a Čejka, Jaroslav,
|d 1943-
|7 jk01021190
|4 aut
|
| 245 |
1 |
0 |
|a Jistá je jen smrt :
|b svět dostihového sportu /
|c Jaroslav Čejka
|
| 250 |
|
|
|a 1. vyd.
|
| 260 |
|
|
|a Praha :
|b Olympia,
|c 1968
|
| 300 |
|
|
|a 224,. :
|b il. ;
|c 17 cm
|
| 490 |
1 |
|
|a Rekord
|
| 500 |
|
|
|a 12000 výt.
|
| 650 |
0 |
7 |
|a koňské dostihy
|7 ph119585
|2 czenas
|
| 655 |
|
7 |
|a populárně-naučné publikace
|7 fd131864
|2 czenas
|
| 700 |
1 |
|
|a Chotěnovský, Zdeněk,
|d 1929-1993
|7 jn20000728233
|4 art
|
| 830 |
|
0 |
|a Rekord (Olympia)
|0 s
|
| 856 |
4 |
1 |
|u http://www.digitalniknihovna.cz/mzk/uuid/uuid:16522d00-29d3-11e4-8e0d-005056827e51
|y Digitalizovaný dokument
|x NDK
|
| 910 |
|
|
|a BOA001
|b 1-0607.397
|
| 990 |
|
|
|a BK
|
| 991 |
|
|
|b 200502
|
| 996 |
6 |
|
|b 2610240797
|c 1-0607.397
|l MZK
|r Sklad / do 1 hodiny
|n 9
|p dar
|w 000754138
|u 000020
|a 1
|e BOA001
|j MZK50
|s P
|